000 00729nam a22002657a 4500
003 CHAP
005 20220329135503.0
008 971013s1981 r 00010 d
010 _a37399
011 _a38371
035 _a42491
040 _cCHAP
082 _a635
_bO8Y
100 0 0 _aOudshoorn, Wim.
_984349
245 _aVerduras ; frutas y especias
260 _aBarcelona :
_bOmega,
_c1981
300 _a143 p.
_b: ilus.
590 _aBATCH-UPD
_b10
_c20130110
_lUCH01
_h0014
590 _aBATCH-UPD
_b10
_c20130110
_lUCH01
_h1751
590 _aCONVERSION
_b10
_c20130109
_lUCH01
_h1321
650 1 4 _aHorticultura.
_956291
901 _aBK
942 _cLIBRO
949 _a635 O8Y
_bBC
_cC
_d33724000732905
_eC
_h53976
_i42491
_sb
999 _c37399
_d37399